[Event "Foz do Iguacu op 5th"]
[Site "Foz do Iguacu"]
[Date "2015.06.06"]
[Round "4"]
[White "Pinanez, Miguel Augusto Fran"]
[Black "Farhat, Mohamed Abdallah"]
[Result "1/2-1/2"]
[WhiteElo "1682"]
[BlackElo "1768"]
[PlyCount "35"]
[EventDate "2015.06.05"]
[EventType "swiss"]
[EventRounds "6"]
[EventCountry "BRA"]
[SourceTitle "CBM 166 Extra"]
[Source "ChessBase"]
[SourceDate "2015.06.18"]
[SourceVersion "1"]
[SourceVersionDate "2015.06.18"]
[SourceQuality "1"]

1. e4 c5 2. Nf3 Nc6 3. d4 cxd4 4. Nxd4 g6 5. Nc3 Bg7 6. Be3 Nf6 7. Bc4 0-0 8. Bb3 Na5 9. f3 Nxb3 10. axb3 d5 11. e5 Ne8 12. f4 e6 13. Qf3 Bd7 14. 0-0-0 f6 15. exf6 Bxf6 16. Qg3 a5 17. h4 Qc8 18. h5 1/2-1/2